| 000 | 00641nam a2200205 i 4500 | ||
|---|---|---|---|
| 001 | 136723 | ||
| 003 | ES-MaACL | ||
| 005 | 20250812034403.0 | ||
| 007 | t| | ||
| 008 | 070214s1907 fr r ||||1| fre d | ||
| 100 | 1 |
_aSaladin, Henri. _9101694 |
|
| 245 | 1 | 0 |
_aManuel d'art musulman / _cpar H. Saladin et Gaston Migeon. |
| 260 |
_aParis : _bA. Picard, _c1907. |
||
| 300 |
_a2 v. : _bil. ; _c22 x 14 cm. |
||
| 500 | _aContiene: I . L'architecture -- II . L'es arts plastiques et industriels. | ||
| 650 | 0 | 7 |
_aArte musulmán _2embne _9135624 |
| 700 | 1 |
_aMigeon, Gaston. _980984 |
|
| 852 |
_aES-MaACL _jF-6243-44 |
||
| 999 |
_c136723 _d136723 |
||